ARRUPE JESUIT UNIVERSITY

CORONAVIRUS -STOP THE SPREAD - CLEAN,DISINFECT,COVER

Immanuel Kant. (Record no. 128176)

MARC details
000 -LEADER
fixed length control field 00940cam a2200289 4500
001 - CONTROL NUMBER
control field 372920
003 - CONTROL NUMBER IDENTIFIER
control field ARRUPE
005 - DATE AND TIME OF LATEST TRANSACTION
control field 20180914122331.0
008 - FIXED-LENGTH DATA ELEMENTS--GENERAL INFORMATION
fixed length control field 720314s1971 enk b 001 0 eng
010 ## - LIBRARY OF CONGRESS CONTROL NUMBER
LC control number 77888638
015 ## - NATIONAL BIBLIOGRAPHY NUMBER
National bibliography number B***
020 ## - INTERNATIONAL STANDARD BOOK NUMBER
International Standard Book Number 0902308852
040 ## - CATALOGING SOURCE
Original cataloging agency DLC
Transcribing agency DLC
Modifying agency DLC
041 1# - LANGUAGE CODE
Language code of text/sound track or separate title engfre
050 00 - LIBRARY OF CONGRESS CALL NUMBER
Classification number B2798
Item number .G612
082 00 - DEWEY DECIMAL CLASSIFICATION NUMBER
Classification number 193
300 ## - PHYSICAL DESCRIPTION
Dimensions 20 cm.
100 1# - MAIN ENTRY--PERSONAL NAME
Personal name Goldmann, Lucien.
9 (RLIN) 33196
245 00 - TITLE STATEMENT
Title Immanuel Kant.
Statement of responsibility, etc Lucien Goldmann
260 ## - PUBLICATION, DISTRIBUTION, ETC. (IMPRINT)
Place of publication, distribution, etc London
Name of publisher, distributor, etc Verso
Date of publication, distribution, etc 2011
300 ## - PHYSICAL DESCRIPTION
Extent 236 p.
350 ## - PRICE (NR) (BK AM CF MU VM SE) [OBSOLETE]
Price £2.90
440 ## - SERIES STATEMENT/ADDED ENTRY--TITLE
Title Radical Thinkers
9 (RLIN) 16998
500 ## - GENERAL NOTE
General note Translated by Robert Black from Introduction á la philosophie de Kant, a rev. enl. ed. of the author's Mensch, Gemeinschaft und Welt in der Philosophie.
504 ## - BIBLIOGRAPHY, ETC. NOTE
Bibliography, etc Includes bibliographical references.
600 10 - SUBJECT ADDED ENTRY--PERSONAL NAME
Personal name Kant, Immanuel,
Dates associated with a name 1724-1804.
9 (RLIN) 42222
906 ## - LOCAL DATA ELEMENT F, LDF (RLIN)
a 7
b cbc
c orignew
d 3
e ncip
f 19
g y-gencatlg
942 ## - ADDED ENTRY ELEMENTS (KOHA)
Source of classification or shelving scheme Library of Congress Classification
Koha item type Monograph ( Printed materials)
Holdings
Withdrawn status Lost status Source of classification or shelving scheme Damaged status Not for loan Collection code Home library Current library Shelving location Date acquired Total Checkouts Full call number Barcode Date last seen Price effective from Koha item type
    Library of Congress Classification     Main Collection ARRUPE LIBRARY ARRUPE LIBRARY Main Collection 14/09/2018   B2798 .G612 46600002054 14/09/2018 14/09/2018 Monograph ( Printed materials)

 

Arrupe Library. PO Box MP320 Mt Pleasant, Harare, Zimbabwe
263 242 745411|librarian@aju.ac.zw